[Event "Polanica Zdroj op-E 56th"]
[Site "Polanica Zdroj"]
[Date "2020.08.20"]
[Round "6"]
[White "Burgat, Boguslaw"]
[Black "Chowaniec, Artur"]
[Result "0-1"]
[WhiteElo "1318"]
[BlackElo "1530"]
[PlyCount "102"]
[EventDate "2020.08.15"]
[EventType "swiss"]
[EventRounds "9"]
[EventCountry "POL"]
[SourceTitle "CBM 198 Extra"]
[Source "ChessBase"]
[SourceDate "2020.11.30"]
[SourceVersion "1"]
[SourceVersionDate "2020.11.30"]
[SourceQuality "1"]

1. e4 c5 2. Nf3 d6 3. d4 cxd4 4. Nxd4 Nf6 5. Nc3 a6 6. Be3 Ng4 7. Qd2 Nxe3 8. Qxe3 Qb6 9. 0-0-0 e6 10. Bc4 Nc6 11. Rhe1 Nxd4 12. Qxd4 Qxd4 13. Rxd4 b5 14. Bb3 Bb7 15. f3 Be7 16. a4 Bc6 17. f4 0-0 18. Kd2 Rfd8 19. g3 Rac8 20. e5 dxe5 21. Rxd8+ Rxd8+ 22. Ke2 b4 23. Nd1 exf4 24. gxf4 Rd4 25. Rf1 Re4+ 26. Kd3 Bd6 27. f5 e5 28. Ne3 Rh4 29. f6 Rxh2 30. fxg7 Rh3 31. Rxf7 Bxa4 32. Rf8+ Kxg7 33. Rg8+ Kf6 34. Bxa4 Bc5 35. Ra8 Bxe3 36. Rxa6+ Kg5 37. Ke4 Bd4 38. b3 Re3+ 39. Kd5 h5 40. Kc4 h4 41. Bc6 Bc3 42. Ra7 Kf4 43. Rh7 Kg3 44. Bd7 e4 45. Kd5 Re2 46. Bf5 e3 47. Rh6 Rf2 48. Rg6+ Kf4 49. Bd3 e2 50. Rh6 e1Q 51. Rxh4+ Kg5 0-1